000 00463nam a2200157Ia 4500
008 100122s9999 xx 000 0 und d
082 _b28128
_a823
100 _aअष्टीकर मंदाकिनी
245 _aस्वप्नगंधा
250 _a1
260 _bमनोरमा प्रकाशन
_c1905
300 _a183
630 _aस्वप्नगंधा
730 _aस्वप्नगंधा
942 _cBOOK
999 _c413899
_d413896